[Event "Lazy op 13th"]
[Site "Lazy"]
[Date "2017.07.04"]
[Round "9"]
[White "Franckowski, Janusz"]
[Black "Kosiba, Marcin"]
[Result "1-0"]
[WhiteElo "2033"]
[BlackElo "1832"]
[PlyCount "69"]
[EventDate "2017.06.25"]
[EventType "swiss"]
[EventRounds "9"]
[EventCountry "POL"]
[SourceTitle "EXT 2018"]
[Source "ChessBase"]
[SourceDate "2017.10.13"]
[SourceVersion "1"]
[SourceVersionDate "2017.10.13"]
[SourceQuality "1"]

1. d4 d5 2. Nf3 e6 3. g3 f5 4. Bg2 Nf6 5. c4 c6 6. Nc3 Bd6 7. Bf4 Be7 8. Qc2 a6 9. 0-0 0-0 10. Rad1 Qe8 11. Ne5 Nbd7 12. Nxd7 Bxd7 13. f3 dxc4 14. e4 b5 15. exf5 exf5 16. Rfe1 Qf7 17. Be5 Nd5 18. Re2 Nb4 19. Qb1 Rae8 20. f4 Nd3 21. b3 Nxe5 22. dxe5 cxb3 23. axb3 Be6 24. b4 Bb3 25. Bxc6 Rd8 26. e6 Rxd1+ 27. Qxd1 Bxe6 28. Rxe6 Bxb4 29. Bd5 Kh8 30. Qd4 a5 31. Nxb5 Rd8 32. Qc4 Qd7 33. Qc6 Qf7 34. Kg2 h6 35. Rxh6+ 1-0

[Event "Lazy op 13th"]
[Site "Lazy"]
[Date "2017.06.29"]
[Round "5"]
[White "Franckowski, Janusz"]
[Black "Grzesik, Gracjan"]
[Result "1-0"]
[WhiteElo "2033"]
[BlackElo "1729"]
[PlyCount "89"]
[EventDate "2017.06.25"]
[EventType "swiss"]
[EventRounds "9"]
[EventCountry "POL"]
[SourceTitle "EXT 2018"]
[Source "ChessBase"]
[SourceDate "2017.10.13"]
[SourceVersion "1"]
[SourceVersionDate "2017.10.13"]
[SourceQuality "1"]

1. d4 d5 2. Nf3 Nf6 3. g3 e6 4. Bg2 Be7 5. 0-0 0-0 6. c4 b6 7. Qc2 Bb7 8. Rd1 Nbd7 9. Bf4 Rc8 10. Nc3 Ne4 11. Ne5 f5 12. Qa4 Nxc3 13. bxc3 Nxe5 14. Bxe5 a5 15. c5 Ba6 16. Qc6 Kf7 17. e4 Bc4 18. exf5 exf5 19. Re1 g6 20. Re3 Re8 21. Rae1 Bg5 22. f4 Bh6 23. g4 fxg4 24. h3 Bg7 25. hxg4 bxc5 26. Qxc5 c6 27. Bxg7 Rxe3 28. Rxe3 Kxg7 29. Re7+ Kf6 30. g5+ Kf5 31. Bh3+ Kxf4 32. Bxc8 Qxc8 33. Qd6+ Kf5 34. Qg3 Qh8 35. Re5+ Qxe5 36. Qxe5+ Kg4 37. a3 a4 38. Kf2 Bd3 39. Qg3+ Kf5 40. Qxd3+ Kxg5 41. Kg3 h5 42. Qe3+ Kf6 43. Qe5+ Kf7 44. Kh4 Kf8 45. Kg5 1-0

[Event "Lazy op 12th"]
[Site "Lazy"]
[Date "2016.07.01"]
[Round "6"]
[White "Franckowski, Janusz"]
[Black "Kicinski, Jacek"]
[Result "1-0"]
[WhiteElo "2001"]
[BlackElo "1998"]
[PlyCount "83"]
[EventDate "2016.06.26"]
[EventType "swiss"]
[EventRounds "9"]
[EventCountry "POL"]
[SourceTitle "CBM 173 Extra"]
[Source "ChessBase"]
[SourceDate "2016.08.29"]
[SourceVersion "1"]
[SourceVersionDate "2016.08.29"]
[SourceQuality "1"]

1. e4 c6 2. d4 d5 3. Nc3 dxe4 4. Nxe4 Bf5 5. Ng3 Bg6 6. Nf3 e6 7. h4 h6 8. Ne5 Bh7 9. Qh5 Qc7 10. Bc4 Nf6 11. Qe2 Nd5 12. c3 Nd7 13. f4 Bd6 14. Ne4 Bxe4 15. Qxe4 N7f6 16. Qe2 a6 17. Bd2 c5 18. dxc5 Qxc5 19. Bb3 Qc7 20. 0-0-0 h5 21. Kb1 0-0-0 22. c4 Nb4 23. c5 Bxe5 24. fxe5 Nfd5 25. Bxd5 Nxd5 26. c6 Kb8 27. cxb7 Qxb7 28. Rh3 Ka7 29. Rb3 Nb6 30. Rc1 Rc8 31. Rxc8 Rxc8 32. Qe3 Qc6 33. a4 Qc5 34. Qxc5 Rxc5 35. Be3 Nxa4 36. Bxc5+ Nxc5 37. Rf3 Kb6 38. Rxf7 Nd3 39. Rxg7 Nxe5 40. Re7 Ng4 41. Rxe6+ Kb5 42. Kc2 1-0

[Event "Lazy op 12th"]
[Site "Lazy"]
[Date "2016.06.30"]
[Round "5"]
[White "Zaninotto, Franco"]
[Black "Franckowski, Janusz"]
[Result "1-0"]
[WhiteElo "2127"]
[BlackElo "2001"]
[PlyCount "79"]
[EventDate "2016.06.26"]
[EventType "swiss"]
[EventRounds "9"]
[EventCountry "POL"]
[SourceTitle "CBM 173 Extra"]
[Source "ChessBase"]
[SourceDate "2016.08.29"]
[SourceVersion "1"]
[SourceVersionDate "2016.08.29"]
[SourceQuality "1"]

1. e4 e5 2. Nf3 Nc6 3. Bb5 a6 4. Ba4 Nf6 5. 0-0 Be7 6. d3 d6 7. c3 0-0 8. Nbd2 Re8 9. Re1 Bf8 10. h3 g6 11. Nf1 Bg7 12. Ng3 b5 13. Bc2 h6 14. a4 Bb7 15. Nh2 Ne7 16. f4 exf4 17. Bxf4 c5 18. Qd2 Kh7 19. Re2 Nc6 20. Nf3 b4 21. d4 a5 22. d5 Ne7 23. c4 Ba6 24. Bd3 Nfg8 25. e5 dxe5 26. Bxe5 Nxd5 27. cxd5 c4 28. Bxg7 Kxg7 29. Rxe8 Qxe8 30. Bxc4 Bxc4 31. Qd4+ Kh7 32. Qxc4 Qe3+ 33. Kh2 Qf2 34. b3 Ra7 35. Rd1 Rd7 36. d6 f6 37. Ne4 Qa7 38. Nc5 Rd8 39. d7 Qc7+ 40. Kh1 1-0

[Event "Kochan Memorial op 26th"]
[Site "Koszalin"]
[Date "2015.08.24"]
[Round "9"]
[White "Franckowski, Janusz"]
[Black "Shishkin, Vadim"]
[Result "0-1"]
[WhiteElo "2043"]
[BlackElo "2513"]
[PlyCount "74"]
[EventDate "2015.08.17"]
[EventType "swiss"]
[EventRounds "9"]
[EventCountry "POL"]
[SourceTitle "EXT 2016"]
[Source "ChessBase"]
[SourceDate "2015.10.08"]
[SourceVersion "1"]
[SourceVersionDate "2015.10.08"]
[SourceQuality "1"]

1. d4 Nf6 2. Nf3 g6 3. c4 Bg7 4. Nc3 d5 5. Bg5 Ne4 6. Bh4 Nxc3 7. bxc3 dxc4 8. Qa4+ c6 9. Qxc4 Qa5 10. e3 Na6 11. Qb3 Be6 12. Bc4 Nc5 13. Qb4 Qxb4 14. cxb4 Bxc4 15. bxc5 f6 16. Bg3 0-0-0 17. Kd2 e5 18. Kc3 Bd5 19. Rhe1 Rhe8 20. a3 Bxf3 21. gxf3 f5 22. Red1 f4 23. exf4 exd4+ 24. Kd3 Bf8 25. Rac1 Rd5 26. Re1 Rxe1 27. Rxe1 Bxc5 28. a4 Kd7 29. Rb1 b6 30. a5 b5 31. Bh4 Bd6 32. Ke4 d3 33. Bf6 d2 34. Rd1 Bb4 35. a6 Ke6 36. Bd4 c5 37. Be3 Rd7 0-1

[Event "Kochan Memorial op 26th"]
[Site "Koszalin"]
[Date "2015.08.22"]
[Round "7"]
[White "Franckowski, Janusz"]
[Black "Przerwa, Waldemar"]
[Result "1/2-1/2"]
[WhiteElo "2043"]
[BlackElo "1773"]
[PlyCount "82"]
[EventDate "2015.08.17"]
[EventType "swiss"]
[EventRounds "9"]
[EventCountry "POL"]
[SourceTitle "EXT 2016"]
[Source "ChessBase"]
[SourceDate "2015.10.08"]
[SourceVersion "1"]
[SourceVersionDate "2015.10.08"]
[SourceQuality "1"]

1. d4 d5 2. Nf3 Nf6 3. c4 c6 4. Nc3 a6 5. c5 Bf5 6. Qb3 Ra7 7. Bf4 Nbd7 8. h3 h6 9. g4 Bg6 10. Bg2 e6 11. 0-0 Be7 12. Rad1 Ne4 13. Ne5 Nxc3 14. Qxc3 Nxe5 15. Bxe5 0-0 16. e3 f5 17. f4 Bf6 18. Bxf6 Qxf6 19. Qe1 h5 20. g5 Qd8 21. Rd3 Be8 22. Rb3 g6 23. Rb6 Bd7 24. Qb4 Bc8 25. Rb1 Qe7 26. h4 Rd8 27. Bf1 Rf8 28. Kf2 Rd8 29. Qc3 Qc7 30. b4 Bd7 31. a4 Rda8 32. Kg3 Kf7 33. Rb3 Qc8 34. Kf3 Qc7 35. Bd3 Qc8 36. Be2 Qc7 37. Rb1 Qc8 38. Qc1 Qc7 39. b5 axb5 40. axb5 Bc8 41. bxc6 bxc6 1/2-1/2

[Event "Kochan Memorial op 26th"]
[Site "Koszalin"]
[Date "2015.08.22"]
[Round "8"]
[White "Gietka, Dariusz"]
[Black "Franckowski, Janusz"]
[Result "0-1"]
[WhiteElo "1601"]
[BlackElo "2043"]
[PlyCount "96"]
[EventDate "2015.08.17"]
[EventType "swiss"]
[EventRounds "9"]
[EventCountry "POL"]
[SourceTitle "EXT 2016"]
[Source "ChessBase"]
[SourceDate "2015.10.08"]
[SourceVersion "1"]
[SourceVersionDate "2015.10.08"]
[SourceQuality "1"]

1. e4 e5 2. Nf3 Nc6 3. Bb5 a6 4. Ba4 Nf6 5. 0-0 Be7 6. d3 b5 7. Bb3 d6 8. a3 Bg4 9. Be3 Qd7 10. Nc3 0-0 11. Nd5 Nxd5 12. Bxd5 Rab8 13. c3 Nd8 14. d4 Bf6 15. h3 Be6 16. Bxe6 Qxe6 17. d5 Qd7 18. b4 c6 19. Qb3 Nb7 20. a4 cxd5 21. exd5 a5 22. Rfb1 axb4 23. cxb4 bxa4 24. Rxa4 Qb5 25. Nd2 Rfc8 26. Ne4 Be7 27. g4 Nc5 28. Bxc5 dxc5 29. d6 c4 30. Qa3 Qc6 31. dxe7 Qxe4 32. Rc1 c3 33. e8Q+ Rxe8 34. Qxc3 h5 35. Re1 Qg6 36. Qf3 hxg4 37. hxg4 e4 38. Qf4 Rb5 39. f3 Rbe5 40. Ra5 Qb6+ 41. Kf1 Rxa5 42. bxa5 Qb5+ 43. Kg1 Qc5+ 44. Kf1 Qxa5 45. Rxe4 Qa1+ 46. Kf2 Rc8 47. Re2 Qh1 48. Re7 Qh4+ 0-1

[Event "Kochan Memorial op 26th"]
[Site "Koszalin"]
[Date "2015.08.20"]
[Round "4"]
[White "Lisinski, Henryk"]
[Black "Franckowski, Janusz"]
[Result "0-1"]
[WhiteElo "1875"]
[BlackElo "2043"]
[PlyCount "127"]
[EventDate "2015.08.17"]
[EventType "swiss"]
[EventRounds "9"]
[EventCountry "POL"]
[SourceTitle "EXT 2016"]
[Source "ChessBase"]
[SourceDate "2015.10.08"]
[SourceVersion "1"]
[SourceVersionDate "2015.10.08"]
[SourceQuality "1"]

1. d4 Nf6 2. Nf3 e6 3. c4 b6 4. Nc3 Bb7 5. e3 Be7 6. Bd3 c5 7. 0-0 0-0 8. a3 d6 9. e4 cxd4 10. Nxd4 Nbd7 11. Qe2 Ne5 12. Bc2 Rc8 13. b3 a6 14. Bb2 Qc7 15. Rad1 Rfd8 16. f4 Nc6 17. Nxc6 Qxc6 18. e5 Nd7 19. Kh1 Nf8 20. Rd2 Ng6 21. Be4 Qc7 22. Bxb7 Qxb7 23. Ne4 d5 24. cxd5 Rxd5 25. Nc3 Rxd2 26. Qxd2 Rd8 27. Qe2 b5 28. b4 Nh4 29. Rd1 Rxd1+ 30. Nxd1 Qd5 31. Nc3 Qb3 32. Qd2 Qc4 33. Ne2 Nf5 34. g3 Qe4+ 35. Kg1 h5 36. Nc3 Qf3 37. Qe2 Qc6 38. Ne4 h4 39. g4 Qb6+ 40. Qf2 Ne3 41. Bc1 Nc4 42. Qxb6 Nxb6 43. Nc5 Bxc5+ 44. bxc5 Nd5 45. Bd2 Kf8 46. Kg2 Ke8 47. Kh3 Kd7 48. Kxh4 a5 49. Bxa5 Nxf4 50. Bc3 Kc6 51. Bd4 Kd5 52. Bf2 Ng6+ 53. Kg3 Nxe5 54. h4 Nd3 55. h5 Nxf2 56. Kxf2 f6 57. Kf3 Kxc5 58. Kf4 Kd4 59. g5 e5+ 60. Kf5 fxg5 61. Kxg5 e4 62. Kg6 e3 63. Kxg7 e2 64. h6 0-1

[Event "Kochan Memorial op 26th"]
[Site "Koszalin"]
[Date "2015.08.19"]
[Round "3"]
[White "Franckowski, Janusz"]
[Black "Adamowicz, Maciej"]
[Result "0-1"]
[WhiteElo "2043"]
[BlackElo "2125"]
[PlyCount "42"]
[EventDate "2015.08.17"]
[EventType "swiss"]
[EventRounds "9"]
[EventCountry "POL"]
[SourceTitle "EXT 2016"]
[Source "ChessBase"]
[SourceDate "2015.10.08"]
[SourceVersion "1"]
[SourceVersionDate "2015.10.08"]
[SourceQuality "1"]

1. d4 g6 2. Nf3 Bg7 3. g3 c5 4. c3 Qa5 5. Nbd2 cxd4 6. Nb3 Qh5 7. cxd4 Nf6 8. Bg2 Nc6 9. 0-0 d6 10. Re1 Bh3 11. Bh1 h6 12. Nfd2 0-0 13. e4 Ng4 14. Nc4 Nxd4 15. Nxd4 Qc5 16. Ne3 Bxd4 17. Nxg4 Bxg4 18. Qxg4 Bxf2+ 19. Kf1 Bxe1 20. Be3 Qxe3 21. Rxe1 Qd3+ 0-1

[Event "Kochan Memorial op 26th"]
[Site "Koszalin"]
[Date "2015.08.18"]
[Round "2"]
[White "Malaczek, Mateusz"]
[Black "Franckowski, Janusz"]
[Result "0-1"]
[WhiteElo "1880"]
[BlackElo "2043"]
[PlyCount "94"]
[EventDate "2015.08.17"]
[EventType "swiss"]
[EventRounds "9"]
[EventCountry "POL"]
[SourceTitle "EXT 2016"]
[Source "ChessBase"]
[SourceDate "2015.10.08"]
[SourceVersion "1"]
[SourceVersionDate "2015.10.08"]
[SourceQuality "1"]

1. c4 f5 2. Nf3 e6 3. g3 Nf6 4. Bg2 d5 5. 0-0 c6 6. d3 Bd6 7. Nbd2 0-0 8. Rb1 a5 9. cxd5 exd5 10. b3 Na6 11. Nd4 Qe7 12. N2f3 Bd7 13. Nc2 Rae8 14. e3 b5 15. d4 Ne4 16. Bb2 Nb4 17. a3 Nxc2 18. Qxc2 b4 19. a4 g5 20. Ne5 Rc8 21. Qe2 Bxe5 22. dxe5 c5 23. f3 Nc3 24. Bxc3 bxc3 25. f4 Be6 26. Qd3 gxf4 27. gxf4 d4 28. exd4 cxd4 29. Qxd4 c2 30. Rbc1 Qc5 31. Qxc5 Rxc5 32. Rf2 Bxb3 33. Rd2 Bxa4 34. Bd5+ Kg7 35. Be6 Kg6 36. Rg2+ Kh6 37. Kf2 Rd8 38. Rgg1 Rd2+ 39. Ke3 Rd1 40. Kf2 Rd4 41. Ke3 Re4+ 42. Kd3 Rxf4 43. Rge1 Bb5+ 44. Kd2 Rd4+ 45. Ke3 Re4+ 46. Kd2 Rexe5 47. Rxe5 Rxe5 0-1